000 00438nab a2200145Ia 4500
003 ES-SlBCS
005 20210601135045.0
008 140529s1990 xxu||||| |||| 00| 0 spa d
041 _aspa
100 1 _aRobles Carcedo, Laureano
_95359
245 0 0 _aEpistolario Unamuno-Dr.Turró
_c Laureano Robles Carcedo
600 1 _aUnamuno, Miguel de-Turró, Ramón
_9227129
773 0 _tAzafea
_gvol. 3, 1990, págs. 223-257
_wRev1056
942 _cAR
999 _c622270
_d622270